000 01111nam a22001817a 4500
003 BDDh-ASL
005 20231015031119.0
008 230130s1891 ii ||||| |||| 00| 0 p d
040 _aBDDh-ASL
_cBDDh-ASL
041 _aper
082 _a297.4
_bANA
100 1 _aAnsari, Khwaja Abd
_97060
245 1 0 _aAnw ārut Taḥq īq : / انوار التحقیق
260 _aMumbai :
_bMirza Mohammad ,
_c1891/1313 H.
300 _a48 p. :
_c19 cm.
650 0 _aSufism, ˈso͞ofˌizəm, সুফিবাদ, Suphibāda, রহস্যবাদ, obscurantism, সুফি-পীর-দরবেশ, Suphi-pīra-darabēśa, Sufi-pir-dervish, পীর-দরবেশ, Pīra-darabēśa, Peer-Darbesh, ওলী-আউলিয়ার, Ōlī-ā'uliẏāra, Oli-Auliar, yogi, ˈyōɡē, যোগী, Yōgī, সন্ন্যাসী, Sann'yāsī, monastic, ভিক্ষু, ধর্মার্থ মঠবাসী ব্যক্তি, recluse, monk, নির্জনবাসী ব্যক্তি, saint, sānt, সাধু, Sādhu, সন্ত, patron saint
_92764
942 _2ddc
_cBK
999 _c30154
_d30154